| 000 | 00403nam a22001577a 4500 | ||
|---|---|---|---|
| 003 | NUST - PNEC | ||
| 005 | 20170116181112.0 | ||
| 008 | 151003b xxu||||| |||| 00| 0 eng d | ||
| 040 | _cKARACHI | ||
| 082 | _a621.4 MAR | ||
| 100 |
_912983 _aMarter, Donald H |
||
| 245 |
_aThermodynamics and the heat engine _cDonald H Marter |
||
| 260 | _c1962 | ||
| 650 |
_95418 _aThermodynamics _xME |
||
| 942 |
_2ddc _cBK |
||
| 999 |
_c69161 _d69161 |
||